Notas de cocina de Leonardo da Vinci.

Uloženo v:
Podrobná bibliografie
Hlavní autor: Routh, Shelagh (compilación y edición)
Další autoři: Routh, Jonathan (compilación y edición)
Médium: Kniha
Vydáno: Barcelona, España: Ediciones Martínez Roca, 1999.
Vydání:Primera edición en esta colección.
Témata:
Tagy: Přidat tag
Žádné tagy, Buďte první, kdo vytvoří štítek k tomuto záznamu!

MARC

LEADER 00000nam a22000007a 4500
003 CL-VaPUC
005 20250108164448.0
008 240419t1999 ||||| |||| 00| 0 eng d
999 |c 443557  |d 443555 
020 |a 978-84-8460-493-8 
040 |c Pontificia Universidad Católica de Valparaíso 
082 0 4 |2 22  |a 641.5945 ROU 1999 
100 1 |a Routh, Shelagh  |e compilación y edición   |9 888490 
245 1 0 |a Notas de cocina de Leonardo da Vinci.  
250 |a Primera edición en esta colección. 
260 |a Barcelona, España:  |b Ediciones Martínez Roca,   |c 1999. 
300 |a 243 páginas :  |b  ilustraciones. 
500 |a c.1 Donación Profesor Ricardo Iglesias S. (Director). MEM HIS/005- 9-4-2024 
583 |c 20240419  |k GC 
600 |a Da Vinci, Leonardo  |d 1452-1519  |9 561227  |x Cocina   |v Recetas 
650 1 |a Cocina italiana  |x Historia  |y Siglos 15-16  |9 888575 
650 1 0 |a Recetas de cocina  |9 334345 
700 |a Routh, Jonathan   |e compilación y edición  |9 888491 
942 |2 ddc  |c BK 
952 |0 0  |1 0  |2 ddc  |4 0  |6 641_594500000000000_ROU_1999  |7 0  |8 A  |9 594261  |a BIBHIS  |b BIBHIS  |d 2024-04-25  |i 5660771  |o 641.5945 ROU 1999  |p 5660771  |r 2025-01-20  |t 1  |w 2024-04-25  |y BK  |k HIS